| 000 | 00000nam##2200000za#4500 |
| 001 | 9.580336 |
| 003 | CaOODSP |
| 005 | 20210624191005 |
| 007 | cr ||||||||||| |
| 008 | 150406|1980||||xxc|||||o f|0| 0 eng|d |
| 040 | |aCaOODSP|beng |
| 043 | |an-cn--- |
| 086 | 1 |aFs97-13/207E-PDF |
| 110 | 1 |aCanada. |bDepartment of Fisheries and Oceans. |
| 245 | 14|aThe Fraser River Inventory (F.R.I.) : |h[electronic resource]|ban overview / |cby M.M. Wayne, J.A. Morrison, B.D. Tutty. |
| 260 | |aWest Vancouver - British Columbia : |bFisheries and Oceans Canada |c1980. |
| 300 | |a33p.|bfigs., tables |
| 490 | 1 |aCanadian data report of fisheries and aquatic sciences|vNo. 207 |
| 500 | |aFile reproduced from original print. On t. p. : West Vancouver, B.C. |
| 546 | |a(Résumé en français) |
| 590 | |a14-15-Supp|b2014-09-04 |
| 720 | 1 |aWayne, M. M. |
| 720 | 1 |aMorrison, J. A. |
| 720 | 1 |aTutty, B. D. |
| 830 | #0|aCanadian data report of fisheries and aquatic sciences ;|vNo. 207|w(CaOODSP)9.505124 |
| 856 | 40|ahttp://publications.gc.ca|qPDF|s503 KB|uhttps://publications.gc.ca/collections/collection_2014/mpo-dfo/Fs97-13-207-eng.pdf|yNo. 207 |